| 000 | 01527nam a2200349Ma 4500 | ||
|---|---|---|---|
| 001 | 73014 | ||
| 005 | 20230410105538.0 | ||
| 006 | m d | ||
| 008 | 080128s2007 fr s i000 0 fre d | ||
| 035 | _a(OCoLC)ocn191658125 | ||
| 040 |
_aMUQ _bfre _cMUQ |
||
| 020 | _z9264030379 | ||
| 020 | _z9789264030374 | ||
| 035 | _a(OCoLC)191658125 | ||
| 043 | _acl----- | ||
| 050 | 1 | 4 | _aHC125 |
| 245 | 0 | 0 |
_aPerspectives âeconomiques de l'Amâerique latine 2008 _h[ressource âelectronique]. |
| 260 |
_aParis: _bCentre de dâeveloppement de l'Organisation de coopâeration et de dâeveloppement âeconomiques, _cc2007. |
||
| 500 | _aParaãit aussi en anglais sous le titre: Latin american economic outlook 2008, et en espagnol sous le titre: Perspectivas Econâomicas de Amâerica latina 2008. | ||
| 500 | _aTitre de l'âecran-titre (visionnâe le 28 janvier 2008). | ||
| 516 | _aDisponible en format PDF | ||
| 530 | _aParait aussi en version papier. | ||
| 650 | 6 |
_aIndicateurs âeconomiques _zAmâerique latine. |
|
| 651 | 6 |
_aAmâerique latine _xConditions âeconomiques. |
|
| 651 | 6 |
_aAmâerique latine _xPolitique âeconomique. |
|
| 710 | 2 |
_aOrganisation de coopâeration et de dâeveloppement âeconomiques. _bCentre de dâeveloppement. |
|
| 740 | 0 | _aLatin american economic outlook 2008. Franðcais. | |
| 740 | 0 | _aPerspectivas econâomicas de Amâerica latina 2008. Franðcais. | |
| 856 | 4 | 0 |
_uhttp://www.sourceocde.org/9264030379 _zAcc%60es râeservâe UdeM |
| 942 |
_2lcc _cbk |
||
| 994 |
_aC0 _bDRFGD |
||
| 999 |
_c38927 _d38927 |
||